000 00743cam a2200241 4500
001 ABS61772
008 000000n2000 000 0 eng u
035 _a(Sirsi) u103720
245 _aRegional survey: Cheshire and North Wales
260 _c2000
490 _aProperty Week
_v65(2) 14 January 2000, 48-56(6)
590 _aABS
650 _aCHESHIRE
650 _aNORTH WALES
650 _aWARRINGTON
650 _aCHESTER
650 _aWREXHAM
650 _aPROPERTY-COMMERCIAL PROPERTY-OFFICE PROPERTY-OFFICE PROPERTY MARKET
650 _aINDUSTRIAL MARKET
650 _aPROPERTY-COMMERCIAL PROPERTY-RETAIL PROPERTY-RETAIL PROPERTY MARKET
690 _aPROPERTY-COMMERCIAL PROPERTY-COMMERCIAL PROPERTY MARKET
942 _n0
999 _c62288
_d62288